Bahasa Melayu : An introduction to Malay language and culture

Bibliographic Details
Main Author: Siti Rosnah Haji Ahmad
Format: Book
Published: Kuala Lumpur : Golden Books Centre Sdn.Bhd. , 2001
Subjects:

MARC

LEADER 00000cam a2200000 7i4500
001 0000016699
005 20080428.0
008 280408
020 |a 9837204516 
090 0 0 |a 499.28   |b SIT 
100 1 |a Siti Rosnah Haji Ahmad 
245 1 0 |a Bahasa Melayu :   |b An introduction to Malay language and culture   |c By Siti Rosnah Haji Ahmad 
260 |a Kuala Lumpur :   |b Golden Books Centre Sdn.Bhd. ,   |c 2001 
650 0 |a Malay language 
999 |a 0001012771   |b Book   |c Adult Collection   |e Perbadanan Perpustakaan Awam Johor 
999 |a 0001012772   |b Book   |c Adult Collection   |e Perbadanan Perpustakaan Awam Johor 
999 |a 0001012773   |b Book   |c Adult Collection   |e Cawangan Mersing